Ecumenism in transition : (Record no. 14083)
[ view plain ]
| 000 -LEADER | |
|---|---|
| fixed length control field | 01168cam a2200277 a 4500 |
| 001 - CONTROL NUMBER | |
| control field | 4476580 |
| 005 - DATE AND TIME OF LATEST TRANSACTION | |
| control field | 20040831165033.0 |
| 008 - FIXED-LENGTH DATA ELEMENTS--GENERAL INFORMATION | |
| fixed length control field | 910815s1991 sz b 000 0 eng |
| 020 ## - INTERNATIONAL STANDARD BOOK NUMBER | |
| International Standard Book Number | 2825409960 |
| 035 ## - SYSTEM CONTROL NUMBER | |
| System control number | (NNC)4476580 |
| 040 ## - CATALOGING SOURCE | |
| Original cataloging agency | NNUT |
| Modifying agency | NNUT |
| -- | NjNbS |
| -- | NNUT |
| 041 1# - LANGUAGE CODE | |
| Language code of text/sound track or separate title | eng |
| Language code of original and/or intermediate translations of text | ger |
| 050 ## - LIBRARY OF CONGRESS CALL NUMBER | |
| Classification number | BV8.2 |
| Item number | .R35 1991 |
| 100 1# - MAIN ENTRY--PERSONAL NAME | |
| Personal name | Raiser, Konrad, |
| Dates associated with a name | 1938- |
| 245 10 - TITLE STATEMENT | |
| Title | Ecumenism in transition : |
| Remainder of title | a paradigm shift in the ecumenical movement? / |
| Statement of responsibility, etc | Konrad Raiser ; [translated from the German by Tony Coates]. |
| 260 ## - PUBLICATION, DISTRIBUTION, ETC. (IMPRINT) | |
| Place of publication, distribution, etc | Geneva : |
| Name of publisher, distributor, etc | WCC Publications, |
| Date of publication, distribution, etc | c1991. |
| 300 ## - PHYSICAL DESCRIPTION | |
| Extent | viii, 132 p. ; |
| Dimensions | 22 cm. |
| 500 ## - GENERAL NOTE | |
| General note | Translation of: Ökumene im Übergang. |
| 504 ## - BIBLIOGRAPHY, ETC. NOTE | |
| Bibliography, etc | Includes bibliographical references (p. [124]-132). |
| 650 #0 - SUBJECT ADDED ENTRY--TOPICAL TERM | |
| Topical term or geographic name as entry element | Ecumenical movement. |
| 710 2# - ADDED ENTRY--CORPORATE NAME | |
| Corporate name or jurisdiction name as entry element | World Council of Churches. |
| 942 ## - ADDED ENTRY ELEMENTS (KOHA) | |
| Source of classification or shelving scheme | Library of Congress Classification |
| Item type | Book |
| Withdrawn status | Lost status | Source of classification or shelving scheme | Damaged status | Not for loan | Collection code | Home library | Current library | Shelving location | Date acquired | Total Checkouts | Full call number | Barcode | Date last seen | Date last borrowed | Price effective from | Koha item type | Copy number |
|---|---|---|---|---|---|---|---|---|---|---|---|---|---|---|---|---|---|
| Library of Congress Classification | Non-fiction | Bishop Okullu Memorial Library (Limuru Campus) | Bishop Okullu Memorial Library (Limuru Campus) | General Circulation | 10/02/2010 | 5 | BV8.2 .R35 1991 | 016360 | 22/04/2025 | 21/03/2025 | 10/02/2010 | Book | |||||
| Library of Congress Classification | Non-fiction | Bishop Okullu Memorial Library (Limuru Campus) | Bishop Okullu Memorial Library (Limuru Campus) | General Circulation | 17/02/2010 | 16 | BV8.2 .R35 1991 | 016777 | 20/02/2021 | 17/02/2010 | Book | 2 |